000 00783nam a2200241 i 4500
001 000049136
003 DO-SdBNP
005 20241024112045.0
007 ta
008 190722s1949 dr 000 spa d
040 _aDO-SdBNP
_bspa
_cBNPHU
_erda
082 _axxx
_bH531b
_222
100 1 _4aut.
_aHerrera, César A.,
_d1910-1988
_98333
_eautor
245 1 3 _aLa batalla de "Las Carreras". :
_bsus antecedentes históricos y consecuencias trascendentales /
_cCésar A. Herrera.
260 _bDominicana,
264 _aSanto Domingo :
_bImpresora Dominicana,
_c1949.
300 _a105 páginas
_c23 cm.
336 _atexto
_btxt
_2rdacontent
337 _asin mediación
_bn
_2rdamedia
338 _avolumen
_bnc
_2rdacarrier
590 _aInventariado, 2019 / DG
942 _2ddc
_cLBS1
999 _c48624
_d48624